[Event "Oberliga Wuerttemberg 1213"]
[Site "Wuerttemberg"]
[Date "2013.04.14"]
[Round "9.2"]
[White "Sick, Oliver"]
[Black "Braeuning, Rudolf Wilhelm"]
[Result "1-0"]
[WhiteElo "2264"]
[BlackElo "2293"]
[PlyCount "71"]
[EventDate "2012.09.30"]
[EventType "team-tourn"]
[EventRounds "9"]
[EventCountry "GER"]
[SourceTitle "EXT 2019"]
[Source "ChessBase"]
[SourceDate "2018.10.10"]
[SourceVersion "1"]
[SourceVersionDate "2018.10.10"]
[SourceQuality "1"]
[WhiteTeam "Ulm Post"]
[BlackTeam "Bebenhausen"]
[WhiteTeamCountry "GER"]
[BlackTeamCountry "GER"]

1. e4 c5 2. Nc3 Nc6 3. f4 g6 4. Nf3 Bg7 5. Bb5 Nd4 6. Nxd4 cxd4 7. Ne2 Qb6 8. a4 Nf6 9. Ng3 0-0 10. Qf3 d6 11. Bd3 h5 12. h3 h4 13. Ne2 e5 14. fxe5 Nd7 15. a5 Qc7 16. Nxd4 Nxe5 17. Qe3 f5 18. 0-0 f4 19. Qf2 d5 20. Nf3 Nxd3 21. cxd3 Qc2 22. Re1 Qxd3 23. Ra3 Qb5 24. e5 Bf5 25. Qxh4 Rfc8 26. Rc3 Rc4 27. d4 Rac8 28. Ng5 Rxc3 29. bxc3 Qxa5 30. Qh7+ Kf8 31. e6 Bxd4+ 32. Kh2 Rc7 33. e7+ Ke8 34. Qg8+ Kd7 35. e8Q+ Kd6 36. Qgf8+ 1-0

[Event "Oberliga Ost-B 0910"]
[Site "Germany"]
[Date "2010.04.10"]
[Round "10.3"]
[White "Euler, Gerd"]
[Black "Sick, Oliver"]
[Result "1-0"]
[WhiteElo "2348"]
[BlackElo "2347"]
[PlyCount "55"]
[EventDate "2009.10.18"]
[EventType "team-tourn"]
[EventRounds "11"]
[EventCountry "GER"]
[SourceTitle "EXT 2011"]
[Source "ChessBase"]
[SourceDate "2010.11.26"]
[SourceVersion "1"]
[SourceVersionDate "2010.11.26"]
[SourceQuality "1"]
[WhiteTeam "Hungen Lich"]
[BlackTeam "Offenbach"]
[WhiteTeamCountry "GER"]
[BlackTeamCountry "GER"]

1. e4 e5 2. Nf3 Nc6 3. Bb5 Nge7 4. Nc3 a6 5. Bc4 Ng6 6. h4 h6 7. h5 Nf4 8. d4 exd4 9. Nxd4 Nxd4 10. Bxf4 Ne6 11. Qg4 d6 12. 0-0-0 Nxf4 13. Qxf4 Qg5 14. Bxf7+ Kd8 15. Qxg5+ hxg5 16. e5 Bf5 17. Rhe1 b5 18. Nd5 Rb8 19. f3 Bh7 20. g4 b4 21. Rd4 dxe5 22. Rxe5 Bd6 23. Rxg5 Rf8 24. Be6 Rxf3 25. Rxg7 Be5 26. Nf6+ Bxd4 27. Rd7+ Kc8 28. Rxd4+ 1-0

[Event "GER CupT"]
[Site "Germany"]
[Date "2010.02.20"]
[Round "1"]
[White "Gamer, Torsten"]
[Black "Sick, Oliver"]
[Result "0-1"]
[WhiteElo "2253"]
[BlackElo "2347"]
[PlyCount "154"]
[EventDate "2010.02.20"]
[EventType "team-tourn"]
[EventRounds "2"]
[EventCountry "GER"]
[SourceTitle "CBM 135 Extra"]
[Source "ChessBase"]
[SourceDate "2010.05.04"]
[SourceVersion "1"]
[SourceVersionDate "2010.05.04"]
[SourceQuality "1"]

1. d4 c5 2. d5 e5 3. e4 d6 4. Nc3 Be7 5. Bb5+ Kf8 6. a4 Bg5 7. Nf3 Bxc1 8. Qxc1 g6 9. 0-0 f5 10. Ng5 f4 11. Ne6+ Bxe6 12. dxe6 Nc6 13. Qd2 Nf6 14. Nd5 Nxd5 15. Bxc6 bxc6 16. exd5 cxd5 17. Qxd5 Rb8 18. Rfd1 Ke7 19. Ra3 Rxb2 20. Rad3 Qc7 21. g3 Rf8 22. Qc4 Rb4 23. Qa6 Rd8 24. c3 Qb6 25. Qxb6 Rxb6 26. gxf4 exf4 27. a5 Rb3 28. Kg2 a6 29. c4 Rxd3 30. Rxd3 Kxe6 31. Kf3 d5 32. cxd5+ Rxd5 33. Rb3 c4 34. Rb6+ Kf5 35. Rc6 Rxa5 36. Rxc4 g5 37. h3 h5 38. Rc8 g4+ 39. hxg4+ hxg4+ 40. Kg2 Ra2 41. Rf8+ Ke5 42. Re8+ Kf5 43. Rf8+ Ke4 44. Re8+ Kd5 45. Rd8+ Ke6 46. Re8+ Kd5 47. Rd8+ Ke4 48. Re8+ Kd3 49. Rd8+ Kc3 50. Rc8+ Kb3 51. Rb8+ Ka3 52. Ra8 Kb2 53. Rg8 g3 54. fxg3 fxg3 55. Kxg3 Ra3+ 56. Kf2 a5 57. Rb8+ Kc2 58. Rc8+ Kd2 59. Rd8+ Rd3 60. Ra8 Rd5 61. Kf3 Kd3 62. Kf2 Re5 63. Rd8+ Kc4 64. Rc8+ Kb4 65. Rb8+ Ka3 66. Rb7 a4 67. Rb8 Re4 68. Rb7 Rb4 69. Re7 Kb2 70. Re2+ Ka1 71. Re1+ Ka2 72. Re7 a3 73. Ke1 Kb2 74. Re2+ Kb1 75. Rd2 a2 76. Rd1+ Kb2 77. Rd2+ Ka3 0-1

[Event "Oberliga Wuerttemberg 0708"]
[Site "Wuerttemberg"]
[Date "2007.10.21"]
[Round "2.3"]
[White "Tuncer, Ufuk"]
[Black "Sick, Oliver"]
[Result "1/2-1/2"]
[WhiteElo "2306"]
[BlackElo "2359"]
[PlyCount "90"]
[EventDate "2007.10.07"]
[EventType "team-tourn"]
[EventRounds "9"]
[EventCountry "GER"]
[SourceTitle "EXT 2018"]
[Source "ChessBase"]
[SourceDate "2017.10.13"]
[SourceVersion "1"]
[SourceVersionDate "2017.10.13"]
[SourceQuality "1"]
[WhiteTeam "Boeblingen"]
[BlackTeam "Ulm Post"]
[WhiteTeamCountry "GER"]
[BlackTeamCountry "GER"]

1. d4 c5 2. d5 e5 3. dxe6 fxe6 4. e4 d5 5. exd5 exd5 6. Nc3 Nf6 7. Bg5 Be6 8. Bb5+ Nc6 9. Qe2 Qd6 10. Bf4 Qe7 11. 0-0-0 0-0-0 12. Bxc6 bxc6 13. Re1 Re8 14. Nf3 c4 15. Nd4 Bd7 16. Qd2 Qb4 17. Bg3 Bd6 18. a3 Qb8 19. Qg5 Bxg3 20. hxg3 Qb6 21. Nf5 Rxe1+ 22. Rxe1 Qxf2 23. Nd6+ Kb8 24. Qe5 Ka8 25. Nd1 Qxg2 26. Qg5 Qh3 27. Re7 Rg8 28. Rxg7 Rxg7 29. Qxg7 Qe6 30. Qh8+ Ne8 31. Nxe8 Bxe8 32. Qxh7 Kb8 33. Qh4 Bg6 34. Qf4+ Kb7 35. Ne3 c5 36. c3 Qe4 37. Qxe4 Bxe4 38. Kd2 Kc6 39. Ng4 Bf5 40. Ne3 Be4 41. Ke2 Kd6 42. Kf2 Ke5 43. Ng4+ Kf5 44. Nh6+ Kg6 45. Ng4 Kf5 1/2-1/2

[Event "BL2-Sued 9899"]
[Site "Germany"]
[Date "1999.04.18"]
[Round "9.4"]
[White "Sick, Oliver"]
[Black "Koch, Wolfgang Max"]
[Result "1/2-1/2"]
[WhiteElo "2350"]
[BlackElo "2315"]
[PlyCount "25"]
[EventDate "1998.10.18"]
[EventType "team-tourn"]
[EventRounds "9"]
[EventCountry "GER"]
[SourceTitle "GER-chT2"]
[Source "ChessBase"]
[SourceDate "1999.07.01"]
[SourceVersion "1"]
[SourceVersionDate "1999.07.01"]
[SourceQuality "1"]
[WhiteTeam "Ulm"]
[BlackTeam "Baiertal"]
[WhiteTeamCountry "GER"]
[BlackTeamCountry "GER"]

1. e4 d6 2. d4 Nf6 3. Nc3 g6 4. f4 Bg7 5. Nf3 0-0 6. Bd3 Nc6 7. e5 dxe5 8. fxe5 Nh5 9. Be4 Bg4 10. Ne2 f6 11. exf6 Nxf6 12. Bxc6 bxc6 13. 0-0 1/2-1/2

[Event "BL2-Sued 9899"]
[Site "Germany"]
[Date "1999.02.21"]
[Round "6.4"]
[White "Gross, David"]
[Black "Sick, Oliver"]
[Result "1-0"]
[WhiteElo "2399"]
[BlackElo "2350"]
[PlyCount "67"]
[EventDate "1998.10.18"]
[EventType "team-tourn"]
[EventRounds "9"]
[EventCountry "GER"]
[SourceTitle "GER-chT2"]
[Source "ChessBase"]
[SourceDate "1999.07.01"]
[SourceVersion "1"]
[SourceVersionDate "1999.07.01"]
[SourceQuality "1"]
[WhiteTeam "Regensburg"]
[BlackTeam "Ulm"]
[WhiteTeamCountry "GER"]
[BlackTeamCountry "GER"]

1. e4 c5 2. Nf3 d6 3. d4 cxd4 4. Nxd4 Nf6 5. Nc3 Nc6 6. Bc4 e6 7. Be3 a6 8. Bb3 Be7 9. f4 0-0 10. Qf3 Qc7 11. 0-0-0 Re8 12. g4 Bf8 13. g5 Nd7 14. g6 Nc5 15. gxh7+ Kh8 16. Rhg1 b5 17. f5 Ne5 18. Qh3 b4 19. f6 Ng6 20. Nce2 e5 21. Nf5 Nxb3+ 22. axb3 Be6 23. fxg7+ Bxg7 24. Bh6 Bf6 25. Qf3 Rac8 26. Rd2 Bxf5 27. Qxf5 Qe7 28. Rf1 Bg7 29. Bxg7+ Kxg7 30. Ng3 Rc6 31. Nh5+ Kh8 32. Nf6 Rf8 33. Rg2 Rcc8 34. h4 1-0

[Event "BL2-Sued 9798"]
[Site "Germany"]
[Date "1998.??.??"]
[Round "?.3"]
[White "Sick, Oliver"]
[Black "Schoellmann, Jochen"]
[Result "1/2-1/2"]
[WhiteElo "2350"]
[BlackElo "2370"]
[PlyCount "60"]
[EventDate "1997.10.??"]
[EventType "team-tourn"]
[EventRounds "9"]
[EventCountry "GER"]
[SourceTitle "EXT 1999"]
[Source "ChessBase"]
[SourceDate "1998.11.16"]
[SourceVersion "1"]
[SourceVersionDate "1998.11.16"]
[SourceQuality "1"]
[WhiteTeam "Ulm"]
[BlackTeam "Regensburg SVF"]
[WhiteTeamCountry "GER"]
[BlackTeamCountry "GER"]

1. e4 c5 2. Nf3 Nc6 3. Bb5 g6 4. 0-0 Bg7 5. c3 Nf6 6. Qe2 0-0 7. e5 Nd5 8. d4 cxd4 9. cxd4 d6 10. Nc3 dxe5 11. Bxc6 bxc6 12. Nxe5 Qb6 13. Rd1 Nxc3 14. bxc3 c5 15. Ba3 cxd4 16. cxd4 Qe6 17. Rac1 Ba6 18. Qe4 Rac8 19. Rc6 Rxc6 20. Qxc6 Bxe5 21. Qxe6 Bxh2+ 22. Kxh2 fxe6 23. Kg3 Rc8 24. Bxe7 Rc3+ 25. f3 Rc2 26. a3 Bb5 27. Bb4 a6 28. d5 exd5 29. Rxd5 Bf1 30. Rd2 Rxd2 1/2-1/2

[Event "BL2-Sued 9798"]
[Site "Germany"]
[Date "1998.??.??"]
[Round "?.3"]
[White "Stocek, Jiri"]
[Black "Sick, Oliver"]
[Result "1-0"]
[WhiteElo "2470"]
[BlackElo "2350"]
[PlyCount "55"]
[EventDate "1997.10.??"]
[EventType "team-tourn"]
[EventRounds "9"]
[EventCountry "GER"]
[SourceTitle "EXT 1999"]
[Source "ChessBase"]
[SourceDate "1998.11.16"]
[SourceVersion "1"]
[SourceVersionDate "1998.11.16"]
[SourceQuality "1"]
[WhiteTeam "Regensburg DJK"]
[BlackTeam "Ulm"]
[WhiteTeamCountry "GER"]
[BlackTeamCountry "GER"]

1. d4 g6 2. c4 Bg7 3. Nf3 d6 4. Nc3 e5 5. Bg5 f6 6. Bd2 exd4 7. Nxd4 f5 8. Bf4 Nc6 9. Nxc6 bxc6 10. Qd2 Nf6 11. Bh6 Bxh6 12. Qxh6 Qe7 13. f3 Be6 14. e4 fxe4 15. 0-0-0 Rb8 16. h4 Rb4 17. h5 Rg8 18. hxg6 Rxg6 19. Qd2 a5 20. a3 Rb8 21. Re1 d5 22. cxd5 Bxd5 23. fxe4 Bg8 24. e5 Nd5 25. Bd3 Rg7 26. Ne4 Kd8 27. Rhf1 Qxe5 28. Rf8+ 1-0

[Event "BL2-Sued 9798"]
[Site "Germany"]
[Date "1997.??.??"]
[Round "?.3"]
[White "Sick, Oliver"]
[Black "Kraai, Jesse"]
[Result "0-1"]
[WhiteElo "2350"]
[BlackElo "2345"]
[PlyCount "49"]
[EventDate "1997.10.??"]
[EventType "team-tourn"]
[EventRounds "9"]
[EventCountry "GER"]
[SourceTitle "EXT 1999"]
[Source "ChessBase"]
[SourceDate "1998.11.16"]
[SourceVersion "1"]
[SourceVersionDate "1998.11.16"]
[SourceQuality "1"]
[WhiteTeam "Ulm"]
[BlackTeam "Viernheim"]
[WhiteTeamCountry "GER"]
[BlackTeamCountry "GER"]

1. e4 c5 2. Nf3 e6 3. Nc3 d6 4. d4 cxd4 5. Qxd4 Nc6 6. Bb5 Bd7 7. Bxc6 bxc6 8. 0-0 e5 9. Qd3 h6 10. Nd2 Nf6 11. Nc4 Be6 12. Rd1 Bxc4 13. Qxc4 Qc8 14. b3 Qb7 15. Rd3 Be7 16. Rg3 Nh5 17. Rf3 0-0 18. g4 Nf6 19. g5 hxg5 20. Bxg5 Nxe4 21. Bxe7 Nd2 22. Rg3 Nxc4 23. Bf6 Kh7 24. Re1 Nd2 25. Ree3 0-1

[Event "Bad Woerishofen op 12th"]
[Site "Bad Woerishofen"]
[Date "1996.??.??"]
[Round "7"]
[White "Rabiega, Robert"]
[Black "Sick, Oliver"]
[Result "1-0"]
[WhiteElo "2490"]
[BlackElo "2330"]
[PlyCount "79"]
[EventDate "1996.03.08"]
[EventType "swiss"]
[EventRounds "9"]
[EventCountry "GER"]
[SourceTitle "EXT 1997"]
[Source "ChessBase"]
[SourceDate "1996.11.15"]
[SourceVersion "1"]
[SourceVersionDate "1996.11.15"]
[SourceQuality "1"]

1. e4 e5 2. Nf3 Nc6 3. Bc4 Bc5 4. d3 Nf6 5. Nc3 d6 6. Bg5 h6 7. Bxf6 Qxf6 8. Nd5 Qd8 9. c3 Ne7 10. d4 Nxd5 11. dxc5 Nf6 12. Qe2 0-0 13. Rd1 Qe7 14. cxd6 cxd6 15. 0-0 a6 16. Nh4 Rd8 17. Qe3 Be6 18. Bb3 Qc7 19. Rfe1 Bxb3 20. axb3 d5 21. Nf5 Nxe4 22. f3 Nc5 23. Qxe5 Qxe5 24. Rxe5 Nxb3 25. Rexd5 Rxd5 26. Rxd5 b5 27. Kf2 h5 28. Ng3 g6 29. Ne4 Ra7 30. h4 Kf8 31. Ke3 Ke7 32. Ng5 Rc7 33. Ne4 Rc6 34. g4 hxg4 35. fxg4 Na5 36. Kd4 Rc4+ 37. Kd3 Nb7 38. Re5+ Kf8 39. Nf6 Nc5+ 40. Rxc5 1-0

[Event "Oberliga NRW 9697 II"]
[Site "Germany"]
[Date "1996.??.??"]
[Round "2.3"]
[White "Rohde, Ulrich"]
[Black "Sick, Oliver"]
[Result "1/2-1/2"]
[WhiteElo "2305"]
[BlackElo "2350"]
[PlyCount "62"]
[EventDate "1996.10.??"]
[EventType "team"]
[EventRounds "9"]
[EventCountry "GER"]
[SourceTitle "EXT 1998"]
[Source "ChessBase"]
[SourceDate "1997.11.17"]
[SourceVersion "1"]
[SourceVersionDate "1997.11.17"]
[SourceQuality "1"]
[WhiteTeam "Siegen"]
[BlackTeam "Bonn Beuel"]
[WhiteTeamCountry "GER"]
[BlackTeamCountry "GER"]

1. Nf3 d6 2. d4 Bg4 3. c4 Nf6 4. Nc3 Nbd7 5. g3 Bxf3 6. exf3 e6 7. d5 exd5 8. cxd5 Be7 9. Bg2 c6 10. f4 Rc8 11. 0-0 0-0 12. Re1 Re8 13. Be3 Nb6 14. Qb3 c5 15. a4 Rb8 16. h3 Na8 17. Qc4 a6 18. b4 b5 19. axb5 axb5 20. Qb3 Nb6 21. bxc5 dxc5 22. Nxb5 c4 23. Qc2 Nbxd5 24. Qxc4 Qd7 25. Bxd5 Nxd5 26. Nc3 Nxc3 27. Qxc3 Qxh3 28. Bd4 Bf8 29. Rxe8 Rxe8 30. Qc4 h6 31. Qd5 Qe6 1/2-1/2

[Event "BL2-Sued 9192"]
[Site "Germany"]
[Date "1992.??.??"]
[Round "?"]
[White "Mokry, Karel"]
[Black "Sick, Oliver"]
[Result "1-0"]
[WhiteElo "2535"]
[BlackElo "2355"]
[PlyCount "95"]
[EventDate "1991.10.??"]
[EventType "team-tourn"]
[EventRounds "9"]
[EventCountry "GER"]
[SourceTitle "GER-chT2"]
[Source "ChessBase"]
[SourceDate "1999.07.01"]
[SourceVersion "1"]
[SourceVersionDate "1999.07.01"]
[SourceQuality "1"]

1. e4 e5 2. Nf3 Nc6 3. Bb5 a6 4. Ba4 Nf6 5. 0-0 Be7 6. Re1 b5 7. Bb3 0-0 8. a4 Bb7 9. d3 Na5 10. Ba2 d6 11. Bd2 c5 12. Bxa5 Qxa5 13. axb5 Qb6 14. bxa6 Rxa6 15. Na3 Qxb2 16. Nc4 Qc3 17. Bb3 Rxa1 18. Qxa1 Qxa1 19. Rxa1 Ra8 20. Rb1 Bc6 21. Ne3 h6 22. Nd2 g6 23. g3 Kg7 24. Bc4 Bd8 25. Bb5 Bb7 26. Bc4 Bc6 27. Nd5 Nxd5 28. Bxd5 Bxd5 29. exd5 Ra2 30. Rb7 Kf8 31. Nc4 Be7 32. Nb6 Rxc2 33. Nc8 Bg5 34. Nxd6 f5 35. h4 Be7 36. Rb8+ Kg7 37. Ne8+ Kf7 38. d6 Rd2 39. dxe7 Kxe7 40. h5 gxh5 41. Ng7 Kf6 42. Nxh5+ Kg6 43. g4 fxg4 44. Ng3 Kf7 45. Rb7+ Kg6 46. Rb6+ Kf7 47. Rxh6 Rxd3 48. Rc6 1-0

[Event "BL2-Sued 9192"]
[Site "Germany"]
[Date "1992.??.??"]
[Round "?"]
[White "Ostl, Andreas"]
[Black "Sick, Oliver"]
[Result "1/2-1/2"]
[WhiteElo "2340"]
[BlackElo "2355"]
[PlyCount "38"]
[EventDate "1991.10.??"]
[EventType "team-tourn"]
[EventRounds "9"]
[EventCountry "GER"]
[SourceTitle "GER-chT2"]
[Source "ChessBase"]
[SourceDate "1999.07.01"]
[SourceVersion "1"]
[SourceVersionDate "1999.07.01"]
[SourceQuality "1"]

1. Nf3 Nf6 2. d4 g6 3. c3 Bg7 4. h3 0-0 5. Bf4 d6 6. e3 Nbd7 7. Nbd2 Qe8 8. Nc4 Nd5 9. Bh2 N5b6 10. a4 e5 11. dxe5 Nxc4 12. Bxc4 Nxe5 13. Be2 Nxf3+ 14. Bxf3 Bd7 15. a5 Rb8 16. 0-0 Bc6 17. Bd5 Bxd5 18. Qxd5 Qc6 19. Rfd1 Rfe8 1/2-1/2

[Event "BL2-Sued 9192"]
[Site "Germany"]
[Date "1992.??.??"]
[Round "?"]
[White "Sick, Oliver"]
[Black "Gabriel, Christian"]
[Result "0-1"]
[WhiteElo "2355"]
[BlackElo "2360"]
[PlyCount "63"]
[EventDate "1991.10.??"]
[EventType "team-tourn"]
[EventRounds "9"]
[EventCountry "GER"]
[SourceTitle "GER-chT2"]
[Source "ChessBase"]
[SourceDate "1999.07.01"]
[SourceVersion "1"]
[SourceVersionDate "1999.07.01"]
[SourceQuality "1"]

1. e4 c5 2. Nf3 Nc6 3. Bb5 g6 4. 0-0 Bg7 5. c3 Nf6 6. Re1 0-0 7. h3 a6 8. Bxc6 dxc6 9. e5 Nd5 10. d4 cxd4 11. Qxd4 Bf5 12. Nbd2 h6 13. Nf1 Rc8 14. Qh4 e6 15. Qg3 Qb6 16. Nd4 c5 17. Nxf5 exf5 18. Qf3 Rcd8 19. g4 fxg4 20. hxg4 Qe6 21. Ng3 f6 22. Qh1 fxe5 23. Bxh6 Qxg4 24. Re4 Nf4 25. Rf1 Rd3 26. Bxf4 exf4 27. Qg2 Qg5 28. Nh1 Qh5 29. f3 Rf5 30. Nf2 Rd2 31. Re8+ Bf8 32. Qh2 0-1

[Event "BL2-Sued 9091"]
[Site "Germany"]
[Date "1991.??.??"]
[Round "?.1"]
[White "Sick, Oliver"]
[Black "Dobosz, Henryk"]
[Result "1-0"]
[WhiteElo "2345"]
[BlackElo "2415"]
[PlyCount "97"]
[EventDate "1990.10.??"]
[EventType "team-tourn"]
[EventRounds "9"]
[EventCountry "GER"]
[SourceTitle "GER-chT2"]
[Source "ChessBase"]
[SourceDate "1999.07.01"]
[SourceVersion "1"]
[SourceVersionDate "1999.07.01"]
[SourceQuality "1"]
[WhiteTeam "Ulm"]
[BlackTeam "Hof"]
[WhiteTeamCountry "GER"]
[BlackTeamCountry "GER"]

1. e4 e6 2. d4 d5 3. Nc3 Nf6 4. Bg5 dxe4 5. Nxe4 Bd7 6. Nf3 Bc6 7. Nxf6+ gxf6 8. Be3 Nd7 9. Qd2 Rg8 10. 0-0-0 Qe7 11. c4 Be4 12. Ne1 c5 13. dxc5 a5 14. f3 Bc6 15. Nd3 f5 16. Kb1 Qf6 17. Rg1 Bg7 18. Be2 e5 19. g3 Bh8 20. Rgf1 Nf8 21. f4 Be4 22. fxe5 Qxe5 23. Kc1 Qc7 24. Nf4 Ne6 25. Nxe6 fxe6 26. Bh5+ Rg6 27. Bxg6+ hxg6 28. Qd6 Qf7 29. Bg5 Bf6 30. Bxf6 Qxf6 31. h4 Kf7 32. Qd4 Qxd4 33. Rxd4 Ke7 34. b3 Rc8 35. Kb2 Rxc5 36. Kc3 b5 37. a3 e5 38. Rd2 a4 39. Kb4 Rc8 40. cxb5 axb3 41. Kxb3 Ke6 42. Rfd1 Bf3 43. Rd6+ Ke7 44. Rd7+ Ke8 45. R1d6 Rc1 46. Ra7 Rb1+ 47. Ka4 Bd1+ 48. Ka5 Ra1 49. Kb6 1-0

[Event "BL2-Sued 9091"]
[Site "Germany"]
[Date "1991.??.??"]
[Round "?.1"]
[White "Sick, Oliver"]
[Black "Gabriel, Christian"]
[Result "1/2-1/2"]
[WhiteElo "2345"]
[BlackElo "2305"]
[PlyCount "130"]
[EventDate "1990.10.??"]
[EventType "team-tourn"]
[EventRounds "9"]
[EventCountry "GER"]
[SourceTitle "GER-chT2"]
[Source "ChessBase"]
[SourceDate "1999.07.01"]
[SourceVersion "1"]
[SourceVersionDate "1999.07.01"]
[SourceQuality "1"]
[WhiteTeam "Ulm"]
[BlackTeam "Stuttgart"]
[WhiteTeamCountry "GER"]
[BlackTeamCountry "GER"]

1. d4 Nf6 2. Nf3 e6 3. c4 d5 4. Nc3 Be7 5. Bg5 0-0 6. e3 b6 7. cxd5 exd5 8. Bd3 Bb7 9. Qc2 h6 10. Bxf6 Bxf6 11. 0-0 Nd7 12. Rad1 c5 13. dxc5 Nxc5 14. Bh7+ Kh8 15. Bf5 Qd6 16. Rfe1 Rfe8 17. b4 Ne6 18. Ne4 Qe7 19. Nxf6 Qxf6 20. Qb1 Rac8 21. Nd4 Qg5 22. f4 Qe7 23. Bxe6 fxe6 24. Nf3 Qf6 25. Ne5 Rc3 26. Rd3 Rc7 27. Rc1 Rec8 28. Rxc7 Rxc7 29. Qb2 Qf5 30. h3 Qe4 31. Qd4 Rc1+ 32. Kh2 Qxd4 33. Rxd4 Ba6 34. g4 Rc2+ 35. Kg3 Rxa2 36. e4 Ra3+ 37. Kh2 Ra2+ 38. Kg3 Ra3+ 39. Kh2 Bb7 40. f5 exf5 41. exd5 Re3 42. Ng6+ Kh7 43. gxf5 Bc8 44. d6 Bxf5 45. d7 Rxh3+ 46. Kg2 Bxd7 47. Rxd7 Re3 48. Ne7 Rb3 49. Nc6 a5 50. bxa5 bxa5 51. Nxa5 Rc3 52. Nb7 Kg6 53. Nd8 Rc2+ 54. Kf3 Rc3+ 55. Ke4 Rc4+ 56. Kd3 Rg4 57. Nc6 Kf5 58. Nd4+ Ke5 59. Re7+ Kf6 60. Re6+ Kf7 61. Rd6 Rf4 62. Ke3 Rf6 63. Rd7+ Kg6 64. Nf3 Re6+ 65. Kf4 Kf6 1/2-1/2

[Event "BL2-Sued 9091"]
[Site "Germany"]
[Date "1990.??.??"]
[Round "?.1"]
[White "Sick, Oliver"]
[Black "Hoensch, Matthias"]
[Result "1-0"]
[WhiteElo "2345"]
[BlackElo "2325"]
[PlyCount "55"]
[EventDate "1990.10.??"]
[EventType "team-tourn"]
[EventRounds "9"]
[EventCountry "GER"]
[SourceTitle "GER-chT2"]
[Source "ChessBase"]
[SourceDate "1999.07.01"]
[SourceVersion "1"]
[SourceVersionDate "1999.07.01"]
[SourceQuality "1"]
[WhiteTeam "Ulm"]
[BlackTeam "Tuebingen"]
[WhiteTeamCountry "GER"]
[BlackTeamCountry "GER"]

1. e4 e6 2. d4 d5 3. Nc3 Nf6 4. Bg5 dxe4 5. Nxe4 Nbd7 6. c3 h6 7. Bxf6 Nxf6 8. Bd3 Be7 9. Qe2 Nxe4 10. Bxe4 0-0 11. Rd1 Qd6 12. Nf3 c5 13. 0-0 cxd4 14. Rxd4 Qc7 15. Bc2 Bf6 16. Rc4 Qe7 17. Qe4 g6 18. Ne5 Rd8 19. f4 a5 20. Rd1 Rxd1+ 21. Bxd1 Bxe5 22. Qxe5 Qd8 23. Ba4 b6 24. Rd4 Qf8 25. Bc6 Ra7 26. Qb8 Re7 27. Qxb6 e5 28. Rd8 1-0